Літературознавчий словник-довідник (Запис № 336242)

МАРК-запис
000 -Лідер
fixed length control field 01723nam a22002537a 4500
001 - Контрольний номер
control field 50148
003 - Ідентифікатор контрольного номера
control field UA-OsUOA
005 - Дата та час останнього входження (трансакції)
control field 20230504161246.0
007 - Фіксоване поле фізичного опису
fixed length control field ta
008 - Елементи даних фіксованої довжини – загальна інформація
fixed length control field 20071029b un ||||| |||| 00| 0 ukr d
020 ## - Міжнародний стандартний книжковий номер (ISBN)
Міжнародний стандартний книжковий номер (ISBN) (НП) 978-966-580-244-0
040 ## - Джерело каталогізації
Агенція оригінальної каталогізації UA-OsUOA
Мова каталогізації ukr
Агенція, яка здійснювала перезапис UA-OsUOA
Агенція, яка здійснювала модифікацію UA-OsUOA
041 ## - Код мови
Код мови тексту/ звукової доріжки чи окремого заголовка (П) ukr
080 ## - Індекс Універсальної десяткової класифікації
Індекс Універсальної десяткової класифікації (УДК) (НП) 82.09(035)
090 ## - Локальний шифр розміщення
Класифікаційний індекс УДК 82.09(035)
Авторський знак (НП) Л67
245 ## - Відомості про назву
Назва (НП) Літературознавчий словник-довідник
Дані про відповідальність (НП) за ред. Р. Гром'яка , Ю. Коваліва
260 ## - Публікація, розповсюдження і т.п. (Вихідні дані)
Місце публікації, розповсюдження і т.п. (П) К.
Ім’я/ наймення видавництва, розповсюджувача і т.п. (П) Академія
Дата публікації, розповсюдження і т.п. (П) 2007
300 ## - Фізичний опис
Обсяг 750 с.
520 ## - Резюме і т.п.
Резюме, реферат, анотація, тощо (НП) У словнику-довіднику розкрито зміст основних філософсько-естетичних категорій, літературознавчих, лінгвістичних, психологічних понять, які характеризують специфіку художньої літератури, її функціонування у суспільстві. Подано інформацію про українські альманахи і літературно-мистецькі часописи, об’єднання письменників і стильові течії у світовому письменстві. Розрахований на літературознавців, критиків, викладачів і студентів-філологів, учителів-словесників, усіх, хто цікавиться мистецтвом слова.
650 #7 - Додаткове предметне введення – тематичний термін
Тематичний термін чи географічна назва, як елемент введення (НП) 82 Література. Літературознавство
Джерело заголовка чи терміна UDC
942 ## - Додаткові елементи входу (Коха)
Тип елемента Koha Книги
Source of classification or shelving scheme Universal Decimal Classification
955 ## - Код типу видання за змістом
Код типу видання за змістом (НП) Навчальні видання
Фонди
Стан вилучень Стан втрат Джерело класифікації або схеми стелажів Стан уражень Не для кредиту Постійне місце розташування Поточне розміщення Дата придбання Джерело придбання Вартість, звичайна ціна покупки Інвентарний номер Усього замовленно Повний номер виклику Штрих-код Дата останнього перегляду Дата останньої перевірки Ціна ефективна від Тип елемента Koha
    Universal Decimal Classification     ЧЗ - Читальна зала ЧЗ - Читальна зала 29/10/2007 181/2007 34.00 108911 2 82.09(035) Л67 108911 25/09/2023 25/09/2023 29/10/2007 Книги
    Universal Decimal Classification     ЧЗ - Читальна зала ЧЗ - Читальна зала 29/10/2007 181/2007 34.00 108912   82.09(035) Л67 108912 02/12/2021   29/10/2007 Книги
    Universal Decimal Classification     ЧЗ - Читальна зала ЧЗ - Читальна зала 08/05/2009 72/2009 40.00 120855 1 82.09(035) Л67 120855 07/02/2022 25/07/2019 08/05/2009 Книги